|
|
|
|
| LEADER |
00000nab a2200000 a 4500 |
| 001 |
vtls000462541 |
| 003 |
SK-MaSNL |
| 005 |
20260303192546.0 |
| 008 |
160204c1991 xo 0 slo |
| 015 |
|
|
|a SNBRA19rr/mm-uuuuu
|
| 035 |
|
|
|a CL0462674
|
| 040 |
|
|
|a SNKBUCL
|b slo
|c SNKBUCL
|e AACR2
|
| 041 |
0 |
|
|a slo
|
| 044 |
|
|
|a xo
|c SK
|
| 080 |
|
|
|a 796.322/.325.012.1
|2 1981
|
| 100 |
1 |
|
|a Kohútová, Paulína
|4 aut
|9 831369
|
| 245 |
1 |
0 |
|a Predikčná validita výberový kritérií športových hrách
|c Paulína Kohútová ; Pauĺina Kohútová
|
| 300 |
|
|
|b Obr. 1. Res. angl., rus., lit. 29 zázn. v slov., češ., ruš.
|
| 650 |
0 |
7 |
|a basketbal
|2 snkbucl
|9 3290
|
| 650 |
0 |
7 |
|a hádzaná
|2 snkbucl
|9 3292
|
| 650 |
0 |
7 |
|a volejbal
|2 snkbucl
|9 3294
|
| 650 |
0 |
7 |
|a validita predikčná
|2 snkbucl
|9 1223114
|
| 655 |
|
7 |
|a články zo zborníkov
|2 snkbucl
|9 166140
|
| 700 |
1 |
|
|a Kohútová, Paulina
|4 aut
|9 831369
|
| 773 |
0 |
|
|t Acta Facultatis educationis physicae Universitatis Comenianae. Publicatio 30
|d Bratislava : SPN, 1991
|g S. 231-253
|
| 850 |
|
|
|a Slovenská národná knižnica v Martine
|a MTA001
|
| 852 |
|
|
|a SNK
|b KIS3GCP
|
| 958 |
|
|
|a NB
|
| 958 |
|
|
|a RK
|
| 992 |
|
|
|a RZB
|
| 999 |
|
|
|c 2147014
|d 2148944
|